00263nam a2200109Ia 4500008004100000041000800041082002500049100001700074245002200091260003100113300000900144230411s9999 xx 000 0 und d aeng aS/617.917/DIX/B01995 aDixon Eileen aTheatre Technique bN R BrothersaIndorec2003 a294p